Headquarters of Principal Areas of Wales (Map Quiz) Stats

 Plays Quiz not verified by Sporcle

Score 0/22 Timer 10:00
0 Plays Today
% Correct
Port Talbot
95.2%
Cardiff
94%
Newport
92.8%
Swansea
92.8%
Wrexham
92.8%
Bridgend
91.6%
Carmarthen
91.6%
Conwy
90.4%
Merthyr Tydfil
90.4%
Haverfordwest
90.4%
Barry
90.4%
% Correct
Mold
88%
Caernarfon
88%
Llandrindod Wells
86.7%
Pontypool
86.7%
Ruthin
85.5%
Llangefni
85.5%
Ebbw Vale
83.1%
Usk
83.1%
Hengoed
81.9%
Aberaeron
81.9%
Clydach Vale
78.3%

You're not logged in!

Compare scores with friends on all Sporcle quizzes.
OR
Log In

Show Comments

Extras

Top Quizzes Today


Score Distribution

Your Account Isn't Verified!

In order to create a playlist on Sporcle, you need to verify the email address you used during registration. Go to your Sporcle Settings to finish the process.

Report this User

Report this user for behavior that violates our Community Guidelines.

Details: